Top Party Schools Quiz Stats

 Plays Quiz not verified by Sporcle

Challenge
Share
Tweet
Embed
Score 0/25 Timer 07:00
0 Plays Today
Rank School % Correct
4University of Florida
80.9%
2University of Texas
70.9%
5University of Arizona
67.3%
18Ohio
65.3%
13Penn State
62.8%
23Florida State
61.8%
1University of Miami
59.8%
7University of Georgia
59.3%
15Arizona State
57.8%
6University of Wisconsin
54.8%
10West Virginia
49.2%
8LSU
47.7%
19Michigan State
47.7%
Rank School % Correct
24Indiana
44.2%
9University of Iowa
40.2%
11University of Maryland
38.7%
16Washington State
30.7%
3San Diego State University
19.1%
20California State
9%
14Lehigh
7.5%
25Suny Albany
7.5%
12University of California-Santa Barbara
6%
22James Madison
4.5%
17Rollins
3.5%
21Hampshire
3%

You're not logged in!

Compare scores with friends on all Sporcle quizzes.
Join for Free
OR
Log In

You Might Also Like...

Show Comments

Extras

Created Dec 14, 2009SourceReportFavoriteNominate
Tags:party, school

Top Quizzes Today


Score Distribution

Your Account Isn't Verified!

In order to create a playlist on Sporcle, you need to verify the email address you used during registration. Go to your Sporcle Settings to finish the process.

Report this User

Report this user for behavior that violates our Community Guidelines.

Details: